Tilastot visalle Yhdistä suomalaisten henkilöiden etu- ja sukunimet

Klikkaa tästä pelataksesi tätä visaa!

Yleistilastot

  • Tätä visaa on pelattu 908 kertaa
  • Keskiarvotulos 6 / 15

Vastaustilastot

Yhdistä suomalaisten henkilöiden etunimet ja sukunimetVastaus% Oikein
Pirkka-Pekka (s. 1953)Petelius
97%
Carl Gustaf Emil (s.1867)Mannerheim
93%
Tarja Kaarina (s. 1943)Halonen
76%
Väinö Valtteri (s.1920)Linna
58%
Matti Ensio (s. 1963)Nykänen
47%
Rauli Aarre Tapani (s.1947)Somerjoki
46%
Armi Maria (s.1902)Ratia
39%
Siiri Johanna (s.1920)Rantanen
34%
Katri Helena (s.1945)Kalaoja
32%
Helene (Helena Sofia, s. 1862)Schjerfbeck
18%
Antti Yrjö (s. 1943)Hammarberg
13%
Touko (s.1920)Laaksonen
11%
Minna Katariina (s.1968)Souri
9%
Petri Samuli (s. 1955)Tiili
7%
Matti Antero Kristian (s.1962)Fagerholm
5%

Tulosjakauma

Persentiili vastausten määrän mukaan

Jokaisen tuloksen saaneiden osuus

Tuloshistoriasi

Et ole pelannut tätä visaa